000 01333nam0a22003251 4500
001 v19\rc\1858153
005 20260407045045.0
035 _a(NLR Aleph) 004952071
090 _a5893281
_c5893281
100 _a20080221d1909 u y0rusy50 ca
101 0 _arus
_afre
102 _aRU
105 _ay c |||||
200 1 _aЖурнал Почвоведение за первое десятилетие 1899-1908
_eСист. указ.
_fСост. П.В. Отоцкий
210 _aСанкт-Петербург
_cтип. К. Маттисен
_d1909
_eЮрьев
215 _a[2], 49 с.
_d27
300 _aТекст парал. на рус. и фр. яз.
500 1 0 _6z01712
_aУказатели...
532 1 1 _aЖурнал Почвоведение за первое десятилетие тысяча восемьсот девяносто девятого -1908
700 1 _aОтоцкий
_bП.В.
_f1866-1934
_gПавел Владимирович
_4220
712 0 2 _a"Почвоведение", журнал
_cСанкт-Петербург
_3RU\NLR\AUTH\8810017873
_9533597
801 0 _aRU
_bNLR
_gpsbo
801 0 _aRU
_bRuMoRGB
_2psbo
801 1 _aRU
_bProSoft-M
_2rusmarc
852 _aNLR
_bВЭО
_j42/7/169
899 _aRuMoRGB
_jXVI 50/19
899 _aБАН
899 _aНБ СПбГУ
942 _cBOOK
980 _aNB